| 000 | 00613nam a22001457a 4500 | ||
|---|---|---|---|
| 003 | OSt | ||
| 005 | 20160325083126.0 | ||
| 008 | 160325b xxu||||| |||| 00| 0 eng d | ||
| 040 | _cRUA | ||
| 082 | _aAGR TRY 2001 B472 Or.1 | ||
| 100 |
_98201 _aTRY RITHEA; ទ្រី ឬទ្ធា |
||
| 245 | _aField screening rice varities for resistance to gall midge, ពិសោធន៍តាមដានរកពូជស្រូវធន់នឹងការបំផ្លាញរបស់មូសផ្លុងក្នុងលក្ខខណ្ឌស្រែ | ||
| 300 |
_a45p. _bill. _c29cm. |
||
| 942 |
_2ddc _cAGR |
||
| 999 |
_c7818 _d7818 |
||